Contours of labour policy, being a report of the seminar ... (Record no. 72815)

MARC details
000 -LEADER
fixed length control field 00922nam a22002531 4500
001 - CONTROL NUMBER
control field sa 67001695
003 - CONTROL NUMBER IDENTIFIER
control field DLC
005 - DATE AND TIME OF LATEST TRANSACTION
control field 20260227112325.0
008 - FIXED-LENGTH DATA ELEMENTS--GENERAL INFORMATION
fixed length control field 790516s1965 ii 100 0 eng
010 ## - LIBRARY OF CONGRESS CONTROL NUMBER
LC control number sa 67001695
040 ## - CATALOGING SOURCE
Original cataloging agency DLC
Transcribing agency DLC
Modifying agency DLC
043 ## - GEOGRAPHIC AREA CODE
Geographic area code a-ii---
050 00 - LIBRARY OF CONGRESS CALL NUMBER
Classification number HD8682
Item number .N35 1965
082 00 - DEWEY DECIMAL CLASSIFICATION NUMBER
Classification number 331/.0954
111 2# - MAIN ENTRY--MEETING NAME
Meeting name or jurisdiction name as entry element National Seminar on Industrial Relations in a Developing Economy,
Number [OBSOLETE] 1st,
Location of meeting New Delhi, India,
Date of meeting or treaty signing 1965.
245 10 - TITLE STATEMENT
Title Contours of labour policy, being a report of the seminar ...
Remainder of title held at New Delhi in February-March 1965.
Statement of responsibility, etc. Edited by K. N. Vaid.
260 ## - PUBLICATION, DISTRIBUTION, ETC.
Place of publication, distribution, etc. [New Delhi]
Name of publisher, distributor, etc. Shri Ram Centre Press
Date of publication, distribution, etc. [1965]
300 ## - PHYSICAL DESCRIPTION
Extent vi, 74 p.
Dimensions 22 cm.
350 ## - PRICE (NR) (BK AM CF MU VM SE) [OBSOLETE]
Price Rs3
-- $1.25
500 ## - GENERAL NOTE
General note Organized by the Shri Ram Centre for Industrial Relations.
650 #0 - SUBJECT ADDED ENTRY--TOPICAL TERM
Topical term or geographic name entry element Industrial relations
Geographic subdivision India
General subdivision Congresses.
700 1# - ADDED ENTRY--PERSONAL NAME
Personal name Vaid, K. N.,
Relator term ed.
710 2# - ADDED ENTRY--CORPORATE NAME
Corporate name or jurisdiction name as entry element Shri Ram Centre for Industrial Relations.

No items available.

Powered by Koha